LAW OF TORTS WITH LAW OF STATUTORY COMPENSATION AND CONSUMER PROTECTION (Record no. 165844)
[ view plain ]
| 000 -LEADER | |
|---|---|
| fixed length control field | 00281nam a2200097Ia 4500 |
| 050 ## - LIBRARY OF CONGRESS CALL NUMBER | |
| Classification number | KNS 1750 .G36 2006 |
| 100 ## - MAIN ENTRY--PERSONAL NAME | |
| Personal name | GANDHI, B.M. |
| 245 #0 - TITLE STATEMENT | |
| Title | LAW OF TORTS WITH LAW OF STATUTORY COMPENSATION AND CONSUMER PROTECTION |
| 942 ## - ADDED ENTRY ELEMENTS (KOHA) | |
| Koha item type | Long Loan Book |
| Withdrawn status | Lost status | Source of classification or shelving scheme | Damaged status | Not for loan | Collection | Home library | Current library | Shelving location | Date acquired | Inventory number | Total checkouts | Full call number | Barcode | Date last seen | Date last checked out | Copy number | Price effective from | Koha item type |
|---|---|---|---|---|---|---|---|---|---|---|---|---|---|---|---|---|---|---|
| Library of Congress Classification | Law | Kisii University Library | Kisii University Library | On Display | 09/15/2023 | 095668 | 1 | KNS 1750 .G36 2006 | 042821 | 10/22/2024 | 10/08/2024 | 3 | 09/15/2023 | Long Loan Book | ||||
| Library of Congress Classification | Law | Kisii University Library | Kisii University Library | On Display | 09/15/2023 | 94679 | 2 | KNS 1750 .G36 2006 | 042093 | 12/01/2023 | 11/17/2023 | 1 | 09/15/2023 | Long Loan Book | ||||
| Library of Congress Classification | Kisii University Library | Kisii University Library | 09/15/2023 | 094680 | 1 | KNS 1750 .G36 2006 | 042094 | 01/06/2026 | 12/15/2025 | C.2 | 09/15/2023 | Long Loan Book | ||||||
| Library of Congress Classification | Law | Kisii University Library | Kisii University Library | On Display | 11/02/2023 | 095669 | 1 | KNS 1750 .G36 2006 | 042822 | 10/18/2024 | 10/08/2024 | C.4 | 11/02/2023 | Long Loan Book | ||||
| Library of Congress Classification | Law | Kisii University Library | Kisii University Library | On Display | 11/02/2023 | 095670 | KNS 1750 .G36 2006 | 042823 | 11/02/2023 | C.5 | 11/02/2023 | Long Loan Book | ||||||
| Library of Congress Classification | Law | Kisii University Library | Kisii University Library | On Display | 11/02/2023 | 095671 | KNS 1750 .G36 2006 | 042824 | 11/02/2023 | C.6 | 11/02/2023 | Long Loan Book | ||||||
| Library of Congress Classification | Law | Kisii University Library | Kisii University Library | On Display | 11/02/2023 | 095672 | 1 | KNS 1750 .G36 2006 | 042825 | 10/14/2025 | 10/09/2025 | C.7 | 11/02/2023 | Long Loan Book |